00438nam a2200169Ia 450000500170000000800410001702000180005804100120007608200130008810000180010124500310011925000120015026000470016230000220020965000230023165000140025420260429112313.0260429s9999||||xx |||||||||||||| ||und|| a9781260565850 aEnglish a540bBUR aBurdge, Julia 0aChemistry / cJulia Burdge a5th ed. aNew York : bMcGraw-Hill Education,c2019. axxx, I-16 p.; pbk a Physical sciences aChemistry